LA VERGINE INVOCATA NELLE LITANIE LAURETANE. (Record n. 266690)
[ formato base ]
| 000 -LEADER | |
|---|---|
| fixed length control field | 01197nam a2200229Ia 4500 |
| 001 - CONTROL NUMBER | |
| control field | L235-7508 |
| 003 - CONTROL NUMBER IDENTIFIER | |
| control field | IT-CnALBA |
| 008 - FIXED-LENGTH DATA ELEMENTS--GENERAL INFORMATION | |
| fixed length control field | 170116s9999||||xx |||||||||||||| ||und|| |
| 040 ## - CATALOGING SOURCE | |
| Original cataloging agency | IT-CnALBA |
| Transcribing agency | IT-CnALBA |
| 041 ## - LANGUAGE CODE | |
| Language code of text/sound track or separate title | ITALIANO |
| 999 ## - SYSTEM CONTROL NUMBERS (KOHA) | |
| Koha Dewey Subclass [OBSOLETE] | SI |
| 100 ## - MAIN ENTRY--PERSONAL NAME | |
| Personal name | MORTARINO GIUSEPPE, SAC. ROSMINIANO |
| 245 #0 - TITLE STATEMENT | |
| Title | LA VERGINE INVOCATA NELLE LITANIE LAURETANE. |
| 250 ## - EDITION STATEMENT | |
| Edition statement | 2a ed. |
| 260 ## - PUBLICATION, DISTRIBUTION, ETC. (IMPRINT) | |
| Place of publication, distribution, etc. | FIRENZE |
| Name of publisher, distributor, etc. | S. ROMOLO, COLLEGIO SERAFICO. FIRENZE |
| Date of publication, distribution, etc. | 1938 [1° Ed.:1934 - Ed.Ling.Originale: 1934] |
| 300 ## - PHYSICAL DESCRIPTION | |
| Extent | 368 p. (prefazione: 58) |
| 500 ## - GENERAL NOTE | |
| General note | SERMONI PER IL MESE DI MAGGIO CON ESEMPI. MADRE DI DIO. MARIA VERGINE DELLE VERGINI. MADRE PURISSIMA CASTISSIMA AMABILE. PRUDENTISSIMA POTENTE. CLEMENTE FEDELE. REGINA DEGLI ANGELI. APOSTOLI MARTIRI. SANTI. ROSARIO. PACE. |
| 501 ## - WITH NOTE | |
| With note | Società San Paolo EM - Piazza San Paolo, 14 - 12051 ALBA (CN) (non commercial uses only) ® Copyright 2017 |
| 520 ## - SUMMARY, ETC. | |
| Summary, etc. | SERMONI PER IL MESE DI MAGGIO CON ESEMPI. MADRE DI DIO. MARIA VERGINE DELLE VERGINI. MADRE PURISSIMA CASTISSIMA AMABILE. PRUDENTISSIMA POTENTE. CLEMENTE FEDELE. REGINA DEGLI ANGELI. APOSTOLI MARTIRI. SANTI. ROSARIO. PACE. |
| 650 ## - SUBJECT ADDED ENTRY--TOPICAL TERM | |
| Topical term or geographic name as entry element | MARIA SS. ANGELI SANTI DEMONI |
| 942 ## - ADDED ENTRY ELEMENTS (KOHA) | |
| Koha item type | LIBRO |
| 957 ## - | |
| -- | 1 |
| 999 ## - SYSTEM CONTROL NUMBERS (KOHA) | |
| -- | Copie: 1 |
| Withdrawn status | Lost status | Damaged status | Not for loan | Home library | Current library | Date acquired | Total Checkouts | Full call number | Date last seen | Price effective from | Koha item type | Public note |
|---|---|---|---|---|---|---|---|---|---|---|---|---|
| Buone Condizioni | Not For Loan | ALBA - Biblioteca | ALBA - Biblioteca | 16/01/2017 | L235-7508 | 16/01/2017 | 16/01/2017 | LIBRO | (data import: 16 gennaio 2017) - By Epidotti, Vaglietti. |